LDR 00902naa#a2200181#i#450# 001 EN\INFRA-M\bibl\57375 005 20260514025834.4 011 ## _a2500-3291 100 ## _a20230228b2023####ek#y0engy0150####ca 102 ## _aRU 200 1# _aProfessional burnout of staff under the conditions of a hybrid office and the challenges of the bani-world: results of research and development of a digital prevention tool _eJournal article 210 1# _aMoscow _cINFRA-M Academic Publishing LLC. _d2023 215 ## _a16 с. 608 ## _aJournal article _2local 675 ## _aТеория и организация труда. Взаимоотношения между предприятием и персоналом, между работодателями и работающими, между трудом и капиталом. 331.1 _z 700 #1 _aChulanova _gOksana Leonidovna 700 #1 _aSanaykov _gV. R. 856 4# _anaukaru.ru _u